000
00264nam a2200097Ia 4500
001
1141270
005
20250827010116.0
008
250824s9999 xx 000 0 und d
245
0
_a
KİTAP KURDU KAFADARLAR
_c
JUDY DELTON
260
_b
GÜNIŞIĞI KİTAPLIĞI YAYINLARI
999
_c
1141270
_d
1141270